[Event "OMA-ch 11th"]
[Site "Muscat"]
[Date "2024.01.25"]
[Round "2"]
[White "Al Subhi, Abdullah"]
[Black "Al Kathiri, Hassan"]
[Result "0-1"]
[WhiteElo "1285"]
[BlackElo "1585"]
[PlyCount "109"]
[EventDate "2024.01.24"]
[EventType "swiss"]
[EventRounds "9"]
[EventCountry "OMN"]
[SourceTitle "CBM 218 Extra"]
[Source "ChessBase"]
[SourceDate "2024.03.31"]
[SourceVersion "1"]
[SourceVersionDate "2024.03.31"]
[SourceQuality "1"]

1. e4 c5 2. Bc4 Nc6 3. Nc3 e6 4. Nf3 d6 5. d4 cxd4 6. Nxd4 Nf6 7. Nxc6 bxc6 8. Bf4 Be7 9. e5 Nd5 10. Nxd5 exd5 11. Be2 0-0 12. exd6 Bxd6 13. Bxd6 Qxd6 14. 0-0 Rb8 15. Rb1 Qe5 16. b3 Qg5 17. Qd4 a5 18. Bf3 Bf5 19. Rbc1 Rb4 20. c4 Be6 21. g3 dxc4 22. bxc4 c5 23. Qe4 Ra4 24. Rc2 Bf5 25. Qd5 Qg6 26. Rb2 Be6 27. Qxc5 Bxc4 28. Re1 Be6 29. Bg2 h5 30. h4 Rd8 31. Re5 Qf6 32. Rbe2 g6 33. f4 Rc8 34. Qb5 Ra3 35. Kh2 Rcc3 36. Rg5 Kh7 37. Qe5 Qxe5 38. Rgxe5 Rxg3 39. Rxa5 Rxg2+ 40. Rxg2 Rxa5 41. Rf2 Rxa2 42. Rxa2 Bxa2 43. Kg3 Kg7 44. Kf3 Kf6 45. Ke4 Bb1+ 46. Ke3 Kf5 47. Kf3 Be4+ 48. Kg3 Bb7 49. Kh3 Kxf4 50. Kh2 Kg4 51. Kg1 Kxh4 52. Kh2 Kg4 53. Kg1 Kg3 54. Kf1 h4 55. Ke1 0-1

[Event "World Amateur-ch U1700"]
[Site "Muscat"]
[Date "2023.11.02"]
[Round "1.1"]
[White "Inyushkin, Sergei"]
[Black "Al Subhi, Abdullah"]
[Result "1-0"]
[WhiteElo "1699"]
[BlackElo "1292"]
[PlyCount "95"]
[EventDate "2023.11.02"]
[EventType "swiss"]
[EventRounds "9"]
[EventCountry "OMN"]
[SourceTitle "CBM 217 Extra"]
[Source "ChessBase"]
[SourceDate "2024.01.31"]
[SourceVersion "1"]
[SourceVersionDate "2024.01.31"]
[SourceQuality "1"]

1. d4 d6 2. g3 e6 3. Bg2 Nd7 4. Nf3 Nb6 5. 0-0 Ne7 6. b3 Ng6 7. Bb2 Bd7 8. Nbd2 h5 9. e4 h4 10. c4 e5 11. dxe5 hxg3 12. hxg3 Bh3 13. Bxh3 Rxh3 14. Kg2 Qd7 15. e6 fxe6 16. Kxh3 e5+ 17. Kg2 0-0-0 18. Nh2 Be7 19. Qg4 Rh8 20. Qxd7+ Nxd7 21. Ng4 b6 22. f4 exf4 23. gxf4 Bf6 24. Nxf6 gxf6 25. f5 Nge5 26. Bxe5 Nxe5 27. Rh1 Rg8+ 28. Kf2 Nd3+ 29. Ke2 Rg3 30. Nf3 Nc5 31. Rag1 Nxe4 32. Rh8+ Kb7 33. Rxg3 Nxg3+ 34. Kd3 Nxf5 35. Rf8 Ne7 36. Rxf6 Nc6 37. a3 a5 38. Nd4 Ne5+ 39. Kc3 c5 40. Nb5 Ng4 41. Rxd6 Nf2 42. Rd7+ Kc8 43. Rf7 Ne4+ 44. Kd3 Ng5 45. Rf6 Kb7 46. Ke3 Nh7 47. Rf7+ Ka6 48. Ra7# 1-0